00674nam a2200169 a 450000100100000000500170001000800410002702000150006804000250008310000280010824501510013626000310028730000310031870000330034995201050038299900170048700004395920201002045051.0140512s1984 sp c 000 0 spa d a8486269016 aDO-SdBNPbspacBNPHU1 aGonzalez, Felipe96703310aDe Suresnes a la Moncloa /cFelipe Gonzalez; recuerdos e impresiones de Alfonso Guerra; con testimonios complementarios de: Willy Brandt [et.al.]. aMadrid, :bNovatex,c1984. a173 p. :bretrs. ;c27 cm.12aGuerra, Alfonsoerec.971902 001050718MOaGRbGRcCTd2014-05-12iLF1l0o p43959-10r2020-06-25w2020-06-25y1ZNo se presta c43448d43448